000 01135nam a22002177a 4500
001 6165
003 FISKH
005 20250324094910.0
008 250321b cb ||||| |||| 00| 0 eng d
020 _a9780076647521
040 _aFISKH
_beng
_cFISKH
_dFISKH
050 _aPZ7
082 _aD21.S755
100 _aSpielvogel, Jackson J.
245 _aDiscovering our past :
_bA History of the World , Teacher Edition /
260 _aNew York :
_bMcGraw Hill Education ;
_c2014.
300 _a880 pages :
_bcolor illustrations , maps ;
_c31 cm .
520 _aDiscovering Our Past: A History of the World brings the sweep of historical events into focus as people, issues and events come to life for today's students. The program includes a strong emphasis on building vocabulary as well as tools for developing strong reading skills. The print student edition is aligned to the revised NCSS/Thematic Strands and Common Core State standards for Literacy in History/Social Studies. The program focuses on critical concepts through Big Ideals, Essential Questions and Enduring Understandings.
942 _2ddc
_cBK
_n0
999 _c6165
_d6165